Name These 20 Flags - Medium - Statistics

General Stats
  • This quiz has been taken 21 times
  • The average score is 16 of 20
Answer Stats
Picture Answer % Correct
Poland
100%
Portugal
100%
Iran
94%
Bangladesh
88%
Colombia
88%
Egypt
88%
Finland
88%
Netherlands
88%
Saudi Arabia
88%
Ukraine
88%
Vietnam
88%
Morocco
82%
Romania
82%
Thailand
82%
Indonesia
76%
Malaysia
76%
Czech Republic
71%
Philippines
71%
Peru
65%
Bolivia
41%
No matching quizzes found
Score Distribution
Percent of People with Each Score
Percentile by Number Answered
Your Score History
You have not taken this quiz